00993nam a22002657a 4500003000500000005001700005008004100022010001000063011001000073035001100083040000900094100003200103245018400135260004000319300003500359502009300394530003600487650001400523650002500537650002500562650003200587650001800619650002600637856006400663CHAP20220329143526.0100407s2009 mx r 00010 spa d a98014 a98986 a109671 cCHAP00aVázquez Aguilar, Vicente.10aControl de ninfas de mosca blanca y larvas de minador en el cultivo de tomate (Lycopersicon esculentum Mill.) con insecticidas aplicados al follajec/por Vicente Vázquez Aguilar aChapingo, Méx. :bEl autor,c2009 avi, 98 h. :bcuadros, gráfs. aTesis (M.C. en Protección vegetal) -- UACH. Departamento de Parasitología Agrícola aTambién disponible en línea14aAgromyza.14aCatharanthus roseus.14aControl de insectos.14aInsecticidasxAplicación.14aMosca blanca.14aTomatexEnfermedades. 3Finding aiduhttp://10.13.5.2/tesis/109671.pdfzTeclea aqui